| 000 | 00870nac a22002531u 4500 | ||
|---|---|---|---|
| 010 | _a 98191853 | ||
| 020 | _a0406999910 | ||
| 035 | _a(OCoLC)38370176 | ||
| 082 | 0 | 0 |
_a346.082 _bNEA |
| 090 |
_c6184 _d6184 |
||
| 100 | _aNeate,Francis | ||
| 245 | 0 | 0 |
_aBank confidentiality / _c Francis Neate & Roger McCormak |
| 260 |
_aLondon : _bButterworths ; _aCharlottesville, Va. : _bMichie,1990 _c1990 |
||
| 300 |
_a232. p. ; _c26 cm. |
||
| 500 | _a"International Bar Association." | ||
| 500 | _adistributer: Al-Ahram | ||
| 500 | _aIncludes index. | ||
| 511 | _acatalogued by: wessam | ||
| 650 | 0 |
_aConfidential communications _xBanking. |
|
| 650 | 0 |
_aBanks and banking _xRecords and correspondence _xLaw and legislation. |
|
| 700 | 1 | _aMcCormick, Roger | |
| 710 | 2 | _aInternational Bar Association. | |
| 942 |
_cBB _k346.082NEA |
||
| 999 |
_c6184 _d6184 |
||